Podział administracyjny Białorusi (z mapą) - Statystyki

Ogólne statystyki
  • Ten quiz został rozwiązany 2 199 razy
  • Średni wynik to 5 z 7
Odpowiedzi na mapie
Odpowiedzi zakodowano w zielono-czerwonej skali na mapie do tego quizu, zgodnie z poniższymi procentami.
 
Statystyki odpowiedzi
odpowiedź % Poprawnych
Miasto Mińsk
99%
Obwód Miński
99%
Obwód Grodzieński
79%
Obwód Brzeski
74%
Obwód Homelski
59%
Obwód Witebski
59%
Obwód Mohylewski
46%
Nie znaleziono quizów pasujących do podanych kryteriów
Rozkład punktacji
Procent ludzi z każdym wynikiem
Percentyl według liczby udzielonych odpowiedzi
Twoja historia wyników
Nie rozwiązałeś tego quizu